000 00548nam a2200205Ia 4500
005 20250923150107.0
008 008 250917s9999 xx 000 0 eng d
037 _aTextual
040 _aDSWL
_beng
_cDSWL
041 _aeng
_2eng
084 _aW:5x, POO
_qDSWL
245 0 _aPerspectives on human Rights
_c by M P Dube
260 _aNew Delhi
_b Anamika Publication
_c2000
300 _a233p.
365 _aINR
_b400
700 _a N Bora
_9842159
925 _g400
942 _cTEXL
_hW:5x, POO
999 _c1459487
_d1459487